000 00469nam a2200157 a 4500
005 20140412111241.0
008 020307s19uu xx 00 eng d
020 _a0-7498-1839-5
050 _aER
_bCo83 1994
245 _aColours and shapes :
_bwhat shape is the green block? /
_cillustrated by Philip Hawksley.
260 _aManchester :
_bEmma Books Ltd,
_c1994.
300 _a1 v. (unp.) ; ill.
440 _aFun to Learn
650 _aBoard book
999 _c102746
_d102746